Top 10 most automated countries in the world - Statistics

General Stats
  • This quiz has been taken 80 times
    49 since last reset
  • The average score is 8 of 10
Answer Stats
Position Answer Robots per 10k employees % Correct
3 Japan 364
94%
8 United States 228
90%
2 South Korea 868
88%
4 Germany 346
83%
1 Singapore 918
73%
5 Sweden 274
73%
7 Taiwan 234
73%
6 Denmark 243
67%
10 Italy 212
63%
9 Belgium 214
52%
No matching quizzes found
Score Distribution
Percent of People with Each Score
Percentile by Number Answered
Your Score History
You have not taken this quiz since the last reset